01141nam a2200205 a 4500008004100000050002200041100002300063245006200086246004100148260004000189350000900229490001900238650002300257710005600280995016600336995016600502999001700668952012500685952012500810061109s1981 ||||||||||||||||| || u aUNZA-IAS(08)ZP/15 aOhadike, Patrick O10aDemographic perspectives in ZambiacBy Patrick O. Ohadike arural-urban growth and social change aLusakabManchester Universityc1981 a0.00 aZambian papers aPOPULATION--ZAMBIA aUniversity of Zambia. Institute for African Studies aSPECIAL COLLECTIONSD0.00eUNZA-IAS(08)ZP/15AFCBU-MAIN LIBRARY (Kitwe)H1I0.00jUNZA-IAS(08)ZP/15AM15AUAVAILABLEWNov 9, 2006yZ03001364ZZambiana Collection aSPECIAL COLLECTIONSD0.00eUNZA-IAS(05)ZP/15BFCBU-MAIN LIBRARY (Kitwe)H1I0.00jUNZA-IAS(08)ZP/15BM12BUAVAILABLEWNov 9, 2006yZ03001365ZZambiana Collection c63428d63428 00102lcc4070a001b001cZambiana Collectiond2022-12-24l0oUNZA-IAS(08)ZP/15pZ03001364r2022-12-24w2022-12-24y002 00102lcc4070a001b001cZambiana Collectiond2022-12-24l0oUNZA-IAS(08)ZP/15pZ03001365r2022-12-24w2022-12-24y002